Porovnanie rôznych postupov programovania CNC obrábacích strojov pri výrobe tvarových prvkov z hľadiska presnosti a efektívnosti

Na minha lista:
Detalhes bibliográficos
Autor principal: Kadrljak, Peter (Author)
Outros Autores: Červeňan, Andrej (Thesis advisor)
Formato: Manuscrito Livro
Idioma:eslovaco
Publicado em: 2024
Assuntos:
Acesso em linha:http://is.stuba.sk/zp/portal_zp.pl?podrobnosti=178458
Tags: Adicionar Tag
Sem tags, seja o primeiro a adicionar uma tag!

MARC

LEADER 00000ntm a22000003a 4500
001 stuzp100036
003 SK-STU
005 20250304123125.8
007 ta
008 150427s2015----xo-----f-mn---000-0-slo-d
040 |a STU  |b slo 
041 0 |a slo 
100 1 |a Kadrljak, Peter  |u 020070  |4 aut  |U SjF Strojnícka fakulta  |T SjF Ústav výrobného inžinierstva a kvality produkcie  |X 104931  |U J0070  |Y 804  |7 104931 
242 0 1 |a Comparison of different programming procedures of CNC machine tools in the production of shaped elements in terms of accuracy and efficiency  |y eng 
245 1 0 |a Porovnanie rôznych postupov programovania CNC obrábacích strojov pri výrobe tvarových prvkov z hľadiska presnosti a efektívnosti 
260 |c 2024 
650 4 |a Programovanie CNC obrábacích strojov  |2 slo 
650 4 |a CAM programovanie  |2 slo 
650 4 |a geometrická presnosť  |2 slo 
650 4 |a stupne presnosti  |2 slo 
650 4 |a efektivita produkcie  |2 slo 
650 4 |a CNC machine tool programming  |2 eng 
650 4 |a CAM programming  |2 eng 
650 4 |a geometric accuracy  |2 eng 
650 4 |a accuracy levels  |2 eng 
650 4 |a production efficiency  |2 eng 
700 1 |a Červeňan, Andrej  |u 020070  |k Z1  |4 ths  |U SjF Strojnícka fakulta  |T SjF Ústav výrobného inžinierstva a kvality produkcie  |X 2273  |U J0070  |Y 804  |7 A000002273 
856 4 |u http://is.stuba.sk/zp/portal_zp.pl?podrobnosti=178458 
996 |b 284J047758  |c J* 3848/DDP  |l JJSK  |s A  |a 24  |w stuzp100036_0001